| 000 | 00341nam a2200133Ia 4500 | ||
|---|---|---|---|
| 008 | 240624s9999 xx 000 0 und d | ||
| 041 | _aeng | ||
| 082 | _a828 EST | ||
| 100 | _aESTEP PRESTON W | ||
| 245 | _aMINDSPAN DIET REDUCE ALZHEIMER S RISK AN | ||
| 260 |
_c2017 _aNew Delhi _bOneworld |
||
| 300 | _axv, 286 p.; 19 cm. | ||
| 365 |
_cRS _b30 |
||
| 999 |
_c29565 _d29565 |
||